MDQL
is popping MORE tags! Check the
thread
!
Quizzes
Events
Quiz Creation
Community
Videos
Private Events
Remove Ads
Sign In
Join for FREE
Feedback
Dark Mode
Quiz Categories
Sports
Geography
Music
Movies
Television
Just For Fun
Miscellaneous
History
Literature
Language
Science
Gaming
Entertainment
Religion
Holiday
For Kids
Quiz Lab
Recent
Popular Today
Quiz Kudos Today
Editor Picks
Curator Picks
Quizzes by...
Day
Popularity
Type
Ratings
Length
Year
Community
Subscriptions
Recent Discussions
Orange Saloon
Badges
Playlists
Quests
Create
Leaderboards
Showdown
Live 5
Trivia Bingo
Activity
Puzzle Library
Sporcle Events
Private Events
Virtual Trivia
Globe League
Become a Host
Pub Owners
SporcleCon
Opinionation
Our Games
Videos
Blog
Mobile Apps
Partnerships
Remove Ads and Go Orange
Feedback
Television
TV Characters
TV Show
Sitcom
Network
Friends
Reality Shows
Cast
South Park
Star Trek
The Simpsons
Doctor Who
Television
TV Characters
TV Show
Sitcom
Network
Friends
Reality Shows
Cast
South Park
Star Trek
The Simpsons
Doctor Who
Random Quiz
Search Sporcle
×
Quiz Lab
Quiz Lab
Television
The Simpsons
Type in answers that appear in a list
Type in answers that appear in a list
Classic
Best Score? Go Orange.
Warning: Extremely Hard Simpsons Trivia Stats
Can you name the Warning: Extremely Hard Simpsons Trivia?
By
mattattack33
10m
20 Questions
1,290 Plays
1,290 Plays
1,290 Plays
Comments
Comments
Give Quiz Kudos
Give Quiz Kudos
-
- Ratings
hide this ad
Forced Order
Answers have to be entered in order
Answers have to be entered in order
Replay
Link that replays current quiz
Next Quiz
Link to next quiz in quiz playlist
You Got
0%
They Got
Avg Score
24%
Avg Friend Score
Upgrade to see
Score Distribution
Jump to the score distribution portion of the page
Score
0/20
Timer
10:00
0
Plays Today
Question
Answer
% Correct
What name does Milhouse enter when playing Bonestorm?
Thrillho
83.4%
Who says the children from the island in 'Das Bus'
Moe
48.7%
What helps Rod and Todd play?
Iron
44.5%
What is the name of the son of the Australian man that Bart prank calls?
Tobias
42.5%
What has Otto never seen fingers do?
fing
41.9%
What town is Willy from?
North Kiltown
33.9%
What game is Bart given instead?
Lee Carvallo's Putting Challenge
27.8%
What teams play in the soccer match which leads to rioting and Homer buying a gun?
Mexico and Portugal
23%
In the future, what does Homer tell Hugh's parents is great about you Brits?
Octopussy
20.6%
What is the local time when the Simpsons land in Tokyo?
tomorrow
19.8%
Question
Answer
% Correct
When Lisa wrote to the Olympic Committee for an assignment, who did the rest of the class write to?
Backstreet Boys
16.7%
What does the bodybag in which Red the trucker is put into say on it?
I died at the Slaughter House
15.5%
What does the evil Homer say in 'The Computer Wears Menace Shoes' when Bart says that there's something different about him?
I am a new tie wearing
14.4%
What are nachos Flanders style?
cucumbers and cottage cheese
13.6%
What is the name written on the Ship of Lost Souls?
Honeybunch
12.5%
What did Moe once use to kill a rat?
Icepick
10.5%
What comes free with the popcorn at The Bloodening?
life insurance
10%
What is the first thing Jasper says after being unfrozen at the Kwik-
E-
Mart?
MoonPie! What a time to be alive.
8.9%
What does Homer think of Johnny Newspaperseed?
If he's so smart how come he's dead?
5.6%
What do the Stone Cutters change their name to?
The Ancient Mystical Society of No Homers
1.8%
Quiz Playlist
Details
Report
Send in Message
Add To Playlist
Classic:
Type in answers that appear in a list
Forced Order:
Answers have to be entered in order
Last Updated: Feb 16, 2017
Quiz Scoreboard
CHALLENGE
Sign Up to Join the Scoreboard
Show All
Scores
Hide
Comments
May contain spoilers
Recently Published
Image Sorting: Flags VI
by Barbecue
Geography
2m
Find the 'City' Movie
by crazypaving
Movies
60s
Colored Red Africa Blitz
by spor1
Geography
45s
More to Explore
Quiz From the Vault
Featured Blog Post
14 Easter Pick-up Lines to Find Eggs With
hide this ad
You Might Also Like...
Tags
The Simpsons Quiz
Extremely
hard
Warning
Today's Top Quizzes in Television
Browse Television
hide this ad
Today's Top Quizzes in The Simpsons
Browse The Simpsons
Top Contributed Quizzes in Television
1
Survivor Journey Challenge
2
Brooklyn Nine Nine Logic Puzzle (How-To-Play)
3
Adjectives in 00s TV Shows
4
Total Drama Characters
5
Survivor Logic Puzzle: Heroes vs. Villains
6
Phoebe Buffay Quotes
7
Survivor Heroes vs. Villains Logic Puzzle
8
Survivor Trivia
9
Emmerdale Characters (from August 2012)
10
Adjectives in 10s TV Shows
Explore More
Trending Topics
Anime
Crossword
Kpop
Disney
Marvel
Harry Potter
NBA
NFL
The Office
Puzzle
WWE
Pokémon
Soccer
Country
Song
hide this ad
More By:
mattattack33
Quiz
Plays
Rating
Category
Featured
Created
Warning: Extremely Hard Simpsons Trivia
1,290
1.63
Television
Oct 19, 2011
2010 Fantasy Football Projections
489
2.00
Sports
Jan 2, 2010
Cities with One Pro Sports Team
358
3.00
Sports
Nov 7, 2009
NBA Most Improved Player
206
3.00
Sports
Sep 22, 2009
Go to Creator's Profile
Score Distribution
Quiz Creator Spotlight
mattattack33
Follow
Send a Message
Quizzes Created
-
Created Quiz Play Count
-
More By This Creator
Popular Quizzes Today
1
Colored Red Africa Blitz
2
Find the US States - No Outlines Minefield
3
Find the 'City' Movie
4
5x2 Blitz: Bands
5
The Countries of the World
6
Find the US States
7
Find the Countries of Europe - No Outlines Minefield
8
US States
More Television Quizzes
1970's TV: Missing Letter Thanksgiving
Quiz Lab
Trending Quizzes
Colored Red Europe Blitz I
Colored Red Africa Blitz II
Colored Red Europe Blitz II
Colored Red Africa Blitz III
Colored Red Europe Blitz III
Recently Updated
How Do You Spell That?
pecheneg
Godzilla Movies
pecheneg
Grab Bag: 4-10 Letters
pecheneg
2024 March Madness Bracket
pecheneg
Famous TV Couples
Peacemaker
Champions League XIs: Real Madrid
pecheneg
Largest US Cities 1790-2010
pecheneg
Rides in Walt Disney World
pecheneg
Most Oscar Losses (Acting)
pecheneg
Beyoncé Albums
pecheneg
Trending Topics
Crossword
Marvel
NBA
Kpop
Harry Potter
Disney
Anime
Puzzle
The Office
Pokémon
NFL
WWE
Soccer
Song
Country
Your Account Isn't Verified!
In order to create a playlist on Sporcle, you need to verify the email address you used during registration. Go to your
Sporcle Settings
to finish the process.
Report this User
Report this user for behavior that violates our
Community Guidelines
.
Details:
Send Report
Go to the Sporcle.com Mobile Site →
Comments